| 000 | 00736nam a22002177a 4500 | ||
|---|---|---|---|
| 005 | 20230417112235.0 | ||
| 008 | 230417b ||||| |||| 00| 0 eng d | ||
| 020 | _a9781484251065 | ||
| 040 | _cAIMIT LIBRARY | ||
| 082 |
_21 _a005.365 _bCARE |
||
| 100 |
_aCarter, Eric. _989234 |
||
| 245 |
_aAgile machine learning : _beffective machine learning inspired by the agile manifesto / _cBy Eric Carter and Matthew Hurst. |
||
| 250 | _a1st ed. | ||
| 260 |
_aNew York : _bApress , _c2023. |
||
| 300 |
_axvii,248p.; _bPB _c26.5 cm. |
||
| 650 |
_aChanging requirements _989251 |
||
| 650 |
_aContinuous delivery _989252 |
||
| 650 |
_aAligning with thebusiness _989253 |
||
| 700 |
_aHurst, Matthew. _989235 |
||
| 942 |
_2ddc _cBK _e1st _k005.365 CARE |
||
| 999 |
_c227199 _d227199 |
||